000 00686nam a2200253Ia 4500
003 OSt
005 20220918164852.0
006 a|||||r|||| 00| 0
007 ta
008 220917b |||||||| |||| 00| 0 eng d
020 _a080395669X (pbk)
024 _a171,496
037 _cTextual
040 _aARTS
_cARTS
_beng
041 _2eng
_aeng
082 _aX:9, P1
100 _aFetterman David M.
_921363
245 0 _aFoundations of empowerment evaluation
260 _aThousand
_bOaks Sage Publications
_c2001
300 _axii, 173p.
_ccm.
650 _aLABOUR ECONOMICS
_921364
942 _hX:9, P1
_cTEXL
_2CC
999 _c127109
_d127109